000 00689nam a2200241Ia 4500
005 20250508162645.0
008 008 250505s9999 xx 000 0 eng d
020 _a0-08-031923-8
037 _aReference
040 _aFEDL
_beng
_cFEDL
041 _aeng
_2eng
084 _a155.5, VAN
_qFEDL
100 _aVan Hasselt Vincent B
_988959
245 0 _aHandbook of adolescent psychology
260 _aNew York, USA
_bPergamon Press
_c1987
300 _axi,508p.
365 _aUSD
_b60
490 _aPergamon general psychology series
650 _aAdolescent psychology
700 _a Hersen Michel
_9773720
942 _cREF
_h155.5, VAN
999 _c1377881
_d1377881